00393nam a2200145Ia 450000100060000000800410000602000180004704000130006508200160007810000180009424500610011226000560017330000110022954600070024023618140410s9999 xx 000 0 und d a81-7649-280-9 cPK-LaUMT a 306bSMI-C aMark J. Smith aCulture:bconcepts in the social sceincescMark J. Smith aNew Delhi,India:bViva Books Private Limited,c2002 a148 p. aEN